000 00658nam a2200181Ia 4500
008 151018s9999 xx 000 0 und d
082 _bRBASDV16314
_a909
100 _aवसंत नाईक
245 _aजागतिक क्रिकेटचा इतिहास
250 _b1
260 _bप्रिया प्रकाशन मुंबई
_c1981
300 _a424
600 _aवसंत नाईक
630 _aजागतिक क्रिकेटचा इतिहास
700 _aवसंत नाईक
730 _aजागतिक क्रिकेटचा इतिहास
942 _cBOOK
999 _c1017029
_d1017026